Statystyki dla Miasta Aglomeracji Łódzkiej.

Kliknij tutaj aby rozwiązać quiz!

Ogólne statystyki

  • Ten quiz został rozwiązany 113 razy
  • Średni wynik to 8 z 12

Statystyki odpowiedzi

LudnośćMiasto% Poprawnych
677 286Łódź
99%
56 190Zgierz
97%
64 757Pabianice
94%
21 739Aleksandrów Łódzki
87%
18 206Konstantynów Łódzki
76%
3 371Rzgów
71%
12 928Koluszki
62%
12 501Brzeziny
60%
7 255Tuszyn
56%
19 311Ozorków
55%
4 589Stryków
55%
14 119Głowno
38%

Rozkład punktacji

Percentyl według liczby udzielonych odpowiedzi

Procent ludzi z każdym wynikiem

Twoja historia wyników

Nie rozwiązałeś tego quizu